Domov dobrých opatrovateľov Košické Geriatrické centrum sv. Lukáša

Bibliographic Details
Main Author: Slobodová, Jolana (Author)
Corporate Author: Geriatrické centrum sv. Lukáša (Košice, Slovensko) (Author)
Format: Article
Language:Slovak
Subjects:

MARC

LEADER 00000nab a2200000 a 4500
001 vtls000924774
003 SK-MaSNL
005 20260303033600.0
008 040720e19940715xo 0 slo
035 |a KE33651 
040 |a KEVKJB  |b slo  |c KEVKJB  |e AACR2 
041 0 |a slo 
044 |a xo  |c SK 
080 |a 614.2  |2 1981 
080 |a 362.1  |2 1981 
100 1 |a Slobodová, Jolana  |4 aut  |9 1017514 
245 1 0 |a Domov dobrých opatrovateľov  |b Košické Geriatrické centrum sv. Lukáša 
610 2 7 |a Geriatrické centrum sv. Lukáša (Košice, Slovensko)  |2 KEVKJB  |9 82456 
650 0 7 |a činnosť  |2 KEVKJB  |9 282874 
650 0 7 |a informácie  |2 KEVKJB  |9 1285 
651 7 |a Košice (Slovensko)  |2 KEVKJB  |9 18694 
651 7 |a KE,  |2 KEVKJB  |9 877256 
655 7 |a periodikum  |2 snkbucl  |9 29553 
710 2 |a Geriatrické centrum sv. Lukáša (Košice, Slovensko)  |4 aut  |9 82456 
773 0 8 |t Národná obroda  |g Roč. 5  |g Roč. 28, č.163, 15.7.1994, s. 10 
852 |a ZVYKNI  |b KIS3GCP 
999 |c 1670647  |d 1672577